Т. 4 (Запись № 7710419)

Подробности
000 -МАРКЕР
контрольное поле 01306nam2a22003251 4500
001 - ИДЕНТИФИКАТОР ЗАПИСИ
контрольное поле rc\3769872
005 - ИДЕНТИФИКАТОР ВЕРСИИ
контрольное поле 20200316164215.0
021 ## - НОМЕР ГОСУДАРСТВЕННОЙ РЕГИСТРАЦИИ
Код страны Российская Федерация
Номер [84-13736]
035 ## - ДРУГИЕ СИСТЕМНЫЕ НОМЕРА
Идентификатор записи (NLR Aleph) 007225328
100 ## - ДАННЫЕ ОБЩЕЙ ОБРАБОТКИ
Данные общей обработки 20120127d1983 |||y0rusy50 ca
101 0# - ЯЗЫК РЕСУРСА
Язык текста, звукозаписи и т.д. русский
102 ## - СТРАНА ПУБЛИКАЦИИ ИЛИ ПРОИЗВОДСТВА
Страна публикации Российская Федерация
105 ## - ПОЛЕ КОДИРОВАННЫХ ДАННЫХ: ТЕКСТОВЫЕ МАТЕРИАЛЫ, МОНОГРАФИЧЕСКИЕ
Кодированные данные о монографическом текстовом документе y z |||||
200 0# - ЗАГЛАВИЕ И СВЕДЕНИЯ ОБ ОТВЕТСТВЕННОСТИ
Основное заглавие Т. 4
Первые сведения об ответственности [Ред. и авт. вступ. ст., с. 5-52, А.И. Доватур, Ф.Х. Кессиди
Последующие сведения об ответственности Примеч. В.В. Бибихина и др.]
210 ## - ПУБЛИКАЦИЯ, РАСПРОСТРАНЕНИЕ И ДР.
Дата издания, распространения и т.д. 1983
215 ## - ФИЗИЧЕСКАЯ ХАРАКТЕРИСТИКА
Специфическое обозначение материала и объем 830 с.
225 1# - СЕРИЯ
Основное заглавие серии ...
Обозначение тома Т. 90
320 ## - ПРИМЕЧАНИЯ О НАЛИЧИИ В ДОКУМЕНТЕ БИБЛИОГРАФИИ / УКАЗАТЕЛЯ
Текст примечания Библиогр. в примеч.: с. 687-788
320 ## - ПРИМЕЧАНИЯ О НАЛИЧИИ В ДОКУМЕНТЕ БИБЛИОГРАФИИ / УКАЗАТЕЛЯ
Текст примечания Указ. имен и предм.: с. 789-829
461 #0 - УРОВЕНЬ НАБОРА
Встроенное поле 001rc\3769868
-- 2001#$aСочинения$eВ 4 т.$fАристотель$gАН СССР, Ин-т философии$vТ. 4
-- 700#0$aАристотель$f384-322 до н. э.
702 #1 - ИМЯ ЛИЦА - ВТОРИЧНАЯ ОТВЕТСТВЕННОСТЬ
Начальный элемент ввода Кессиди
Часть имени, кроме начального элемента ввода Ф. Х.
Даты 1920-2009
Расширение инициалов личного имени Феохарий Харлампиевич
Идентификатор авторитетной/нормативной записи RU\NLR\AUTH\7722533
Код отношения Редактор
-- Автор введения, предисловия, примечания и т.п.
702 #1 - ИМЯ ЛИЦА - ВТОРИЧНАЯ ОТВЕТСТВЕННОСТЬ
Начальный элемент ввода Доватур
Часть имени, кроме начального элемента ввода А. И.
Даты 1897-1982
Расширение инициалов личного имени Аристид Иванович
Идентификатор авторитетной/нормативной записи RU\NLR\AUTH\770207959
Код отношения Редактор
-- Автор введения, предисловия, примечания и т.п.
702 #1 - ИМЯ ЛИЦА - ВТОРИЧНАЯ ОТВЕТСТВЕННОСТЬ
Начальный элемент ввода Бибихин
Часть имени, кроме начального элемента ввода В. В.
Код отношения Комментатор печатного текста
801 #0 - ИСТОЧНИК ЗАПИСИ
Страна Российская Федерация
Организация NLR
Правила каталогизации psbo
801 #1 - ИСТОЧНИК ЗАПИСИ
Страна Российская Федерация
Организация ELAR
Источник данных rusmarc
852 ## - МЕСТОНАХОЖДЕНИЕ И ШИФР ХРАНЕНИЯ
Идентификатор организации NLR
Шифр хранения (Call Number) 75-3/6747
942 ## - ДОПОЛНИТЕЛЬНЫЕ ЭЛЕМЕНТЫ ЗАПИСИ (АБИС)
Тип экземпляра АБИС Книга
980 ## - КОЛЛЕКЦИЯ
Название коллекции Национальная библиография
Экземпляры
Тип экземпляра Дата поступления Библиотека постоянного хранения Библиотека текущего хранения Место хранения Шифр хранения Штрих-код Статус экземпляра Стоимость
Книга 26.10.2013 РНБ (Московский) РНБ (Московский) Русский книжный фонд: издания с 1957 года 75-3/6747 1-1654575    
Книга 24.12.2013 РНБ (Московский) РНБ (Московский) Фонд общего зала социально-экономической литературы С1 Ю3(0)321/А-815 1-239358   3.50
Книга 22.01.2014 РНБ (Садовая) РНБ (Садовая) Фонд научного зала социально-экономической литературы Нз Ю3(0)321/А-815 1-283194